000 00299nam a22001337a 4500
008 170803b xxu||||| |||| 00| 0 eng d
020 _a9780071591607
041 _aeng
080 _a004
100 _a32
101 _aSHK
245 _aENTERPRISE 2.0 IMPLEMENTATION
_cNEWMAN,A.C
942 _2udc
_cBK
999 _c22651
_d22651